| 000 | 02853cam a22006134i 4500 | ||
|---|---|---|---|
| 003 | PE-LiUPU | ||
| 005 | 20250731180139.0 | ||
| 008 | 150706s2005 mx a r 000 0 spa d | ||
| 020 | _a9702607523 | ||
| 020 | _a9789702607526 | ||
| 035 | _a(Sirsi) i9789702607526 | ||
| 040 |
_aPE-LiUPU _bspa _cPE-LiUPU _dPE-LiUPU _erda |
||
| 049 | _aPRUA | ||
| 082 | 0 | 4 |
_a510 _bM58 _221 |
| 100 | 1 |
_aMiller, Charles David, _d1942-, _eautor. |
|
| 245 | 1 | 0 |
_aMatemática : _brazonamiento y aplicaciones / _cCharles D. Miller, Vern E. Heeren, E. John Hornsby ; tr. Víctor Hugo Ibarra Mercado. |
| 250 | _a10a. edición. | ||
| 264 | 1 |
_aMéxico : _bPrentice-Hall Hispanoamericana, _c2005. |
|
| 300 |
_a920 páginas : _bilustraciones ; _c26 centímetros |
||
| 336 |
_atext _2rdacontent |
||
| 337 |
_aunmediated _2rdamedia |
||
| 338 |
_avolume _2rdacarrier |
||
| 505 | 0 | _aEl arte de resolver problemas -- Concepto básico de la teoría de conjuntos -- Introducción a la lógica -- Numeración y sistemas matemáticos -- Teoría de números -- El sistema de los números -- El sistema de los números reales -- Los conceptos básicos del algebra -- Gráficas, funciones y sistemas de ecuaciones y desigualdades -- Geometría -- Trigonometría -- Métodos de conteo -- Probabilidad -- Estadística -- Matemáticas del consumidor. | |
| 526 | _aSEG44 | ||
| 526 | _aSEG26 | ||
| 526 | _aP159 | ||
| 526 | _aP155 | ||
| 526 | _aP154 | ||
| 526 | _aP153 | ||
| 526 | _aP150 | ||
| 526 | _aP100 | ||
| 526 | _aP31 | ||
| 526 | _aP30 | ||
| 526 | _aP26 | ||
| 526 | _aP25 | ||
| 526 | _aP24 | ||
| 526 | _aP22 | ||
| 526 | _aP15 | ||
| 526 | _aP10 | ||
| 541 | _g003-001055; | ||
| 650 | 0 | 4 |
_aMatemáticas. _9187 |
| 700 | 1 |
_aHeeren, Vern E., _eautor. |
|
| 700 | 1 |
_aHornsby, E. John, _eautor. |
|
| 700 | 1 |
_aIbarra Mercado, Víctor Hugo, _etraductor. |
|
| 910 | _agl20090805 | ||
| 942 |
_2ddc _cBOOK |
||
| 949 |
_a510 M58 _wDEWEY _c1 _i59863 _d2016-5-16 _e2016-5-9 _lCCODEBUL1 _mBUL _n4 _p48.00 _r0 _sY _tBOOK _u2015-7-6 _xFCE _PP27 _o.STAFF. Colección Ciencias Empresariales |
||
| 949 |
_a510.1 M58 2006 _wDEWEY _c1 _iFJ05611 _lCCODEBUJ1 _mBUJ _p24.00 _r0 _sY _tBOOK _u2017-01-04 _xINGENIERIA _PP27 _o.STAFF -- Colección General Juliaca |
||
| 994 |
_aC0 _bPEPRU |
||
| 596 | _a1 3 | ||
| 999 |
_a510 M58 _wDEWEY _c49395 _i59863 _d49395 _e2018-8-16 _f2021-11-5 _g6 _lCCODEBUL1 _mBUL _n5 _p48.00 _q2 _r0 _sY _tBOOK _u2015-7-6 _xBIBLIOTECA _PP04 _o.STAFF. Colección Ciencias Empresariales |
||
| 999 |
_a510.1 M58 2006 _wDEWEY _c1 _iFJ05611 _d2019-10-28 _e2019-9-3 _f2022-1-19 _g4 _lCCODEBUJ1 _mBUJ _n3 _p24.00 _q9 _r0 _sY _tBOOK _u2017-1-18 _xINGENIERIA _PP25 _0COMPRA _o.STAFF. Colección General Juliaca |
||
| 980 |
_81 _gALBERTO SANCHEZ Responsable de Automatización |
||